[Event "ELD 22/23"]
[Site "?"]
[Date "2023.04.23"]
[Round "7.27"]
[White "Sedy, Matej"]
[Black "Juhanak, Daniel"]
[Result "0-1"]
[BlackElo "2104"]
[WhiteElo "1645"]
[LiveChessVersion "1.4.8"]

1. e4 {[%clk 1:30:51]} c5 {[%clk 1:30:24]} 2. Nf3 {[%clk 1:30:28]} e6
{[%clk 1:30:01]} 3. c4 {[%clk 1:28:11]} Nc6 {[%clk 1:30:00]} 4. Nc3
{[%clk 1:25:07]} Nf6 {[%clk 1:28:49]} 5. d4 {[%clk 1:22:51]} cxd4
{[%clk 1:29:16]} 6. Nxd4 {[%clk 1:23:10]} Bb4 {[%clk 1:28:31]} 7. Nxc6
{[%clk 1:20:35]} bxc6 {[%clk 1:28:51]} 8. Qc2 {[%clk 1:17:39]} e5
{[%clk 1:26:17]} 9. Bd3 {[%clk 1:14:16]} O-O {[%clk 1:26:19]} 10. O-O
{[%clk 1:13:50]} Bc5 {[%clk 1:23:54]} 11. Bg5 {[%clk 1:11:06]} h6
{[%clk 1:22:51]} 12. Bh4 {[%clk 1:09:55]} d6 {[%clk 1:15:24]} 13. h3
{[%clk 1:06:55]} g5 {[%clk 1:12:25]} 14. Bg3 {[%clk 1:06:19]} Nh5
{[%clk 1:11:53]} 15. Bh2 {[%clk 1:03:30]} Nf4 {[%clk 1:06:26]} 16. Rad1
{[%clk 0:58:24]} Rb8 {[%clk 1:01:38]} 17. Kh1 {[%clk 0:52:10]} Kh8
{[%clk 0:58:36]} 18. Be2 {[%clk 0:49:15]} Qf6 {[%clk 0:57:44]} 19. Bf3
{[%clk 0:47:42]} Nxh3 {[%clk 0:57:16]} 20. Rd2 {[%clk 0:42:51]} Rg8
{[%clk 0:54:00]} 21. Bd1 {[%clk 0:36:53]} g4 {[%clk 0:49:26]} 22. gxh3
{[%clk 0:34:20]} g3 {[%clk 0:48:44]} 23. f3 {[%clk 0:31:59]} Bxh3
{[%clk 0:48:31]} 24. Rg1 {[%clk 0:24:43]} gxh2 {[%clk 0:47:48]} 25. Rxg8+
{[%clk 0:23:43]} Rxg8 {[%clk 0:48:15]} 26. Kxh2 {[%clk 0:23:34]} Bf1
{[%clk 0:48:35]} 27. Kh1 {[%clk 0:23:25]} Qh4+ {[%clk 0:48:59]} 28. Rh2
{[%clk 0:23:48]} Rg1# {[%clk 0:49:26]} 0-1

[Event "ELD 22/23"]
[Site "?"]
[Date "2023.04.23"]
[Round "7.28"]
[White "Holub, Adam"]
[Black "Dejmek, Tomas"]
[Result "0-1"]
[BlackElo "1506"]
[WhiteElo "2008"]
[LiveChessVersion "1.4.8"]

1. e4 {[%clk 1:30:07]} e5 {[%clk 1:30:48]} 2. Nf3 {[%clk 1:30:03]} Nc6
{[%clk 1:31:10]} 3. Bc4 {[%clk 1:29:02]} Bc5 {[%clk 1:31:11]} 4. c3
{[%clk 1:29:13]} Nf6 {[%clk 1:31:25]} 5. d3 {[%clk 1:29:32]} d6 {[%clk 1:30:54]}
6. Bb3 {[%clk 1:27:24]} Bg4 {[%clk 1:28:24]} 7. h3 {[%clk 1:26:58]} Bh5
{[%clk 1:27:54]} 8. Nbd2 {[%clk 1:25:30]} Qd7 {[%clk 1:26:44]} 9. a4
{[%clk 1:20:30]} O-O {[%clk 1:12:30]} 10. Nf1 {[%clk 1:18:59]} d5
{[%clk 0:54:59]} 11. Qe2 {[%clk 1:10:31]} dxe4 {[%clk 0:43:54]} 12. dxe4
{[%clk 1:09:56]} Rad8 {[%clk 0:43:49]} 13. Bg5 {[%clk 0:55:40]} Qe7
{[%clk 0:30:38]} 14. g4 {[%clk 0:51:11]} Bg6 {[%clk 0:30:49]} 15. Ng3
{[%clk 0:51:05]} h6 {[%clk 0:28:16]} 16. Bh4 {[%clk 0:47:21]} Rd6
{[%clk 0:24:15]} 17. g5 {[%clk 0:29:39]} hxg5 {[%clk 0:20:09]} 18. Bxg5
{[%clk 0:29:42]} Qd7 {[%clk 0:20:01]} 19. Nh4 {[%clk 0:25:53]} Nh7
{[%clk 0:15:19]} 20. Be3 {[%clk 0:19:20]} Bxe3 {[%clk 0:10:13]} 21. Qxe3
{[%clk 0:19:38]} Rd3 {[%clk 0:10:19]} 22. Qe2 {[%clk 0:17:57]} Ne7
{[%clk 0:09:48]} 23. Bc4 {[%clk 0:15:47]} Rd6 {[%clk 0:08:57]} 24. Rg1
{[%clk 0:14:04]} Ng5 {[%clk 0:07:14]} 25. Nxg6 {[%clk 0:12:22]} Nxg6
{[%clk 0:07:33]} 26. Nf5 {[%clk 0:10:33]} Nxh3 {[%clk 0:06:11]} 27. Rh1
{[%clk 0:09:14]} Ngf4 {[%clk 0:05:57]} 28. Qg4 {[%clk 0:09:03]} g6
{[%clk 0:04:53]} 29. Rxh3 {[%clk 0:05:33]} Nxh3 {[%clk 0:04:52]} 30. Qxh3
{[%clk 0:05:41]} gxf5 {[%clk 0:05:05]} 31. exf5 {[%clk 0:05:33]} Rd8
{[%clk 0:04:01]} 32. Ke2 {[%clk 0:04:11]} Rd2+ {[%clk 0:02:16]} 33. Kf3
{[%clk 0:04:31]} Qc6+ {[%clk 0:02:34]} 34. Ke3 {[%clk 0:03:42]} Qc5+
{[%clk 0:02:23]} 35. Kf3 {[%clk 0:03:47]} R8d3+ {[%clk 0:02:22]} 36. Bxd3
{[%clk 0:04:09]} Rxd3+ {[%clk 0:02:48]} 37. Kg2 {[%clk 0:04:29]} Rxh3
{[%clk 0:03:09]} 0-1

[Event "ELD 22/23"]
[Site "?"]
[Date "2023.04.23"]
[Round "7.29"]
[White "Srba, Daniel"]
[Black "Tesar, Jakub"]
[Result "0-1"]
[BlackElo "1921"]
[WhiteElo "1529"]
[LiveChessVersion "1.4.8"]

1. e4 {[%clk 1:30:40]} c6 {[%clk 1:30:33]} 2. d4 {[%clk 1:30:58]} d5
{[%clk 1:30:53]} 3. exd5 {[%clk 1:30:27]} cxd5 {[%clk 1:31:20]} 4. Nf3
{[%clk 1:29:19]} Nc6 {[%clk 1:29:42]} 5. Bf4 {[%clk 1:28:22]} Nf6
{[%clk 1:29:10]} 6. Nbd2 {[%clk 1:27:13]} g6 {[%clk 1:21:15]} 7. c3
{[%clk 1:21:07]} Bg7 {[%clk 1:21:27]} 8. Bd3 {[%clk 1:21:17]} Nh5
{[%clk 1:17:12]} 9. Bg3 {[%clk 1:18:38]} O-O {[%clk 1:05:57]} 10. Qc2
{[%clk 1:12:44]} Bg4 {[%clk 1:02:42]} 11. h3 {[%clk 1:10:17]} Nxg3
{[%clk 1:02:18]} 12. fxg3 {[%clk 1:10:30]} Be6 {[%clk 1:00:39]} 13. O-O-O
{[%clk 1:09:35]} Nxd4 {[%clk 0:48:57]} 14. Nxd4 {[%clk 1:06:11]} Bxd4
{[%clk 0:49:15]} 15. Nf3 {[%clk 1:04:31]} Bg7 {[%clk 0:47:03]} 16. h4
{[%clk 1:00:55]} h5 {[%clk 0:40:41]} 17. Ng5 {[%clk 0:58:29]} Bg4
{[%clk 0:35:49]} 18. Rdf1 {[%clk 0:49:52]} Qd6 {[%clk 0:31:38]} 19. Rf4
{[%clk 0:42:36]} Bh6 {[%clk 0:25:59]} 20. Be2 {[%clk 0:34:27]} Bxe2
{[%clk 0:19:58]} 21. Qxe2 {[%clk 0:34:41]} e5 {[%clk 0:18:33]} 22. Rf2
{[%clk 0:33:01]} f6 {[%clk 0:18:10]} 0-1